| 000 | 00685cam a22002657a 4500 | ||
|---|---|---|---|
| 001 | 000519 | ||
| 003 | armpunfd | ||
| 005 | 20140612090612.0 | ||
| 008 | 011019e262####xx#a##########000#0#und#d | ||
| 040 |
_aarmpunfd _carmpunfd |
||
| 080 | _a343.72 IR 7 | ||
| 100 | 1 | 0 | _a Irurzun, Victor J. |
| 245 | 1 | 0 | _aArdid en la estafa |
| 260 |
_a Cordoba _b Buenos Aires _c262 P. |
||
| 300 | _alerner | ||
| 500 | _a1968 | ||
| 650 | 7 |
_a Delitos _x Argentina _2LEMB |
|
| 650 | 7 |
_a Derecho Penal _2LEMB |
|
| 650 | 7 |
_a Estafa _2LEMB |
|
| 650 | 7 |
_a Fraude _x Argentina _2LEMB |
|
| 700 | 1 | 0 | _aLuque, Clodomiro J. |
| 700 | 1 | 0 | _aRossi, Hector M. |
| 942 |
_cLB _2cdu |
||
| 945 |
_aCatalis _d2010-08-19 |
||
| 999 |
_c517 _d231021 |
||